000 00359cam a2200169ua 4500
001 3211
008 131203n II |||gr||||Z||||||asm
040 _aMAIN
041 _aEnglish
082 _a205 MAD
100 _aMADAVDEV.
245 _aNAMGHUSHA
260 _a[s.l:
_bs.n.]
_c1989.
300 _a234.:
_c20CM.
653 _aReligious ethics
942 _cBK
999 _c3199
_d3199